How to teach primary science for the caribbean : a process approach
Saved in:
| Main Author: | |
|---|---|
| Format: | Book |
| Language: | English |
| Published: |
Musselburgh :
Heinemann,
1998
|
| Subjects: | |
| Tags: |
Add Tag
No Tags, Be the first to tag this record!
|
MARC
| LEADER | 00000nam a2200000 i 4500 | ||
|---|---|---|---|
| 001 | 1/104297 | ||
| 008 | 000309s1998 eng d | ||
| 020 | |a 0-435-98007-6 | ||
| 035 | |l 10058786 | ||
| 040 | |a GR-MY-UA |b gre |e aacr | ||
| 041 | 0 | |a eng | |
| 082 | 0 | |a 372.3 | |
| 100 | 1 | |a Douglas, Raphael. | |
| 245 | 1 | 0 | |a How to teach primary science for the caribbean : |b a process approach / |c Raphael Douglas |
| 260 | |a Musselburgh : |b Heinemann, |c 1998 | ||
| 300 | |a 92 p. | ||
| 650 | 0 | 0 | |a Science |x Study and teaching (Elementary) |z Caribbean Area. |
| 852 | |a INST |b RHODES |e 20000309 |h 372.3 DOU |p 005400012369 |q 005400012369 |t BK |y 0 | ||
| 901 | |a BIBL4-2000-1 | ||
| 909 | |a Ρ |b 068861 | ||
| 922 | |a 4ΕΛΗ |b 200001 |c ΚΠΣ/154 |d GLORY BOOKS | ||
| 970 | |a ΚΟΥΛΑΚΙΟΤΗ |b ΛΙΤΣΑ |z 2000/03/09 | ||